01251aam a2200313 i 45000010008000000030009000080050017000170080041000340200015000750400038000900430021001280820020001491000047001692450131002162640053003472640010004003000023004103360026004333370028004593380027004875040052005146510061005666510059006276510059006866550017007459420012007629990017007749520146007912648586EG-ScBUE20240418093707.0720306t1972 nyu f b 001 0 eng d a0393054551 aDLCbengerdacDLCdDLCdEG-ScBUE aa-cc---an-us---04a951.04222bDAV1 aDavies, John Paton,d1908-eauthor.91013110aDragon by the tail :bAmerican, British, Japanese, and Russian encounters with China and one another /cJohn Paton Davies, Jr. 1aNew York :bW. W. Norton & Company INC.,c[1972] 4cc1972 a448 pages ;c24 cm 2rdacontentatextbtxt aunmediated2rdamediabn avolumebnc2rdacarrier aIncludes bibliographical references and index.  7aChinaxPolitics and governmenty1912-1949.2BUEsh910132 7aChinaxForeign relationszUnited States.2BUEsh910133 7aUnited StatesxForeign relationszChina.2BUEsh910134 vReading book 2ddccBB c13077d13077 00102ddc40708Donation-GaMAINbMAINc2NDd2009-12-23eDonationl1o951.04 DAVp000019334r2025-07-15 00:00:00s2010-03-09w2009-12-23yBB